|
|
|
|
| LEADER |
00000ctmaa2200000 a 4500 |
| 001 |
vtls011841162 |
| 003 |
SK-MaSNL |
| 005 |
20260301224004.0 |
| 008 |
251021s1909 xo || 000 s slo |
| 035 |
|
|
|a urn:nbn:sk:snk-tm00ek5h
|
| 035 |
|
|
|a urn:nbn:sk:snk-tm3n3es
|
| 035 |
|
|
|a 08120785-CC18-4BFF-9B12-E5AA36749F4A
|
| 040 |
|
|
|a SNKLA
|b slo
|c SNKLA
|e AACR2
|
| 041 |
0 |
|
|a slo
|
| 044 |
|
|
|a xo
|c SK
|
| 072 |
|
7 |
|a 2
|x Náboženstvo
|2 konspekt
|
| 080 |
|
|
|a 821.162.4-1
|2 2011
|
| 080 |
|
|
|a 025.171
|2 2011
|
| 080 |
|
|
|a 2-5
|2 2011
|
| 100 |
1 |
|
|a Beblavý, Pavel,
|d 1847-1910
|4 aut
|9 62247
|
| 245 |
1 |
0 |
|a Verše pri posviacke veže evan. a. v. cirkve sobotíštskej v nedeľu XXI. po sv. Trojici dňa 31. Oktob. 1909
|c Pavel Beblavý
|
| 260 |
|
|
|a [Sobotište]
|c [1909]
|
| 300 |
|
|
|a 17 strán
|b rukopis, voľné listy
|c 22 cm
|
| 500 |
|
|
|a Vložený lístok pôvodného spracovania
|
| 555 |
0 |
|
|a IV. Inventár rukopisov Literárneho archívu MS. IV. Archív Slovenského národného múzea. MJ 1-1020 Rôzna proveniencia. Matica slovenská v Martine 1974
|
| 561 |
|
|
|a Okrúhla pečiatka: Museálna slovenská spoločnosť
|
| 561 |
|
|
|a Okrúhla pečiatka: Literárny archív Matice slovenskej Martin
|
| 561 |
|
|
|a Daroval B. Gašparík 20 nov. 1911
|
| 610 |
2 |
7 |
|a Evanjelický kostol (Sobotište, Slovensko)
|2 SNKKA
|9 196420
|
| 650 |
0 |
7 |
|a rituály a obrady
|2 SNKPH
|9 69610
|
| 655 |
|
7 |
|a slovenská poézia
|2 SNKPH
|9 70444
|
| 655 |
|
7 |
|a rukopisy
|2 SNKPH
|9 70548
|
| 852 |
|
|
|a Slovenská národná knižnica
|b Literárny archív
|
| 958 |
|
|
|a ZJ
|
| 958 |
|
|
|a LAVD
|
| 999 |
|
|
|c 945603
|d 947533
|
| 952 |
|
|
|a SNKLA
|b SNKLA
|c SNKLA_DEP
|y NEVYP
|7 0
|p 17A1228507
|o snkMJ 828
|0 0
|1 0
|4 0
|d 2019-02-15
|f 1
|l 0
|r 2026-02-24 09:32:11
|w 2026-02-24
|